000 00695nam a2200289Ia 4500
005 20260324141343.0
008 008 260324s9999 xx 000 0 eng d
020 _a9781315479538
037 _aEBOOK
040 _aCRL
040 _beng
040 _cCRL
041 _2eng
041 _aeng
084 _qCRL
100 _aJoseph Martin Hernon
_91207881
245 0 _aProfiles in Character
245 0 _bHubris and Heroism in the U.S. Senate, 1789-1990
260 _bTaylor and Francis
260 _c1997
365 _a
365 _b230
856 _uhttp://www.taylorfrancis.com/books/9781315479538
942 _cEBOOK
999 _c1810878
_d1810878